| 000 | 00847nam a22002297a 4500 | ||
|---|---|---|---|
| 999 |
_c9386 _d9386 |
||
| 003 | AR-CdUCM | ||
| 008 | 190327b ||||| |||| 00| 0 spa d | ||
| 040 |
_aMUNICIPALIDAD PROVINCIAL DEL CUSCO _cBIBLIOTECA MUNICIPAL DEL CUSCO |
||
| 082 |
_a914..7 / _bB37 |
||
| 100 |
_aBemol, Mauricio _925552 |
||
| 245 | _aOrientaciones actuales de la literatura francesa / | ||
| 260 |
_aBuenos Aires : _bEditorial Troquel, _c1960. |
||
| 300 |
_a266 páginas ; _c20 cm. |
||
| 440 |
_aColección el mundo de hoy _922550 |
||
| 500 | _aDonación familia Nieto | ||
| 505 | _aContenido: Antes de la primera guerra mundial -- Desde la primera guerra mundial hasta la segunda -- Después de la segunda guerra mundial... | ||
| 650 |
_aGuerra mundial _91395 |
||
| 650 |
_aLiteratura universal _9611 |
||
| 650 |
_aSiglo XX _98 |
||
| 942 |
_2ddc _cLIBROS |
||
| 945 | _adavv | ||